000
00284 a2200145 4500
001
181504
020
_a
040
_c
Magnum
100
_a
Braun, Veronica
240
1
0
_a
Expressao
_l
por
245
1
0
_a
Expressao
362
0
_a
1899
697
_a
MAGNITO: PARADIDATICO
942
_c
BK
999
_c
181504
_d
181504